Drapeaux des organisations internationales - Statistiques

Statistiques générales
  • Ce quiz a été pris 79 fois
  • Le résultat moyen est 6 sur 23
Statistiques - réponses
Par images Réponse % Correct
Union européenne
94%
Organisation des Nations unies
91%
OTAN
90%
Union africaine
68%
Ligue arabe
41%
Système d'intégration centraméricain
38%
Organisation internationale de la francophonie
21%
OPEP
19%
Commonwealth
18%
Conseil turcique
10%
Organisation de la coopération islamique
10%
Communauté caribéenne
9%
Communauté du Pacifique
7%
Conseil de coopération du Golfe
6%
Organisation des États américains
6%
Association des nations de l'Asie du Sud-Est
4%
Organisation du traité de sécurité collective
4%
Communauté d'Afrique de l'Est
3%
Communauté des États indépendants
3%
Union économique eurasiatique
3%
Communauté de développement d'Afrique australe
1%
Conseil nordique
1%
Union des nations sud-américaines
1%
Aucun quiz correspondant
Distribution des résultats
% des personnes avec chaque résultat
Percentile par nombre de réponses
Votre historique - résultats
Vous n’avez pas pris ce quiz